| 000 | 01323nam a2200229Ia 4500 | ||
|---|---|---|---|
| 003 | Ost | ||
| 005 | 20260507075133.0 | ||
| 008 | 260507s9999||||xx |||||||||||||| ||und|| | ||
| 020 | _a5585673977 | ||
| 040 | _cfsecg | ||
| 041 | _aara | ||
| 082 | _a330 | ||
| 100 |
_aعبد السميع، صبرى _eمؤلف |
||
| 245 | 0 |
_aالتسويق السياحي والفندقي : _bأسس علمية وتجارب عربية / _c صبرى عبد السميع |
|
| 260 |
_aالقاهرة: _bمنشورات العربية للتنمية الإدارية, _c2006 |
||
| 300 |
_a337 صفحة؛ _bإيضاحات ؛ _c24 سم |
||
| 490 | _aبحوث ودراسات | ||
| 520 | _aالمفهوم العلمي للتسويق- المفهوم العلمي للتسويق السياحي- أسواق السياحة- المستهلك السياحي- العرض السياحي- تجارب بعض الدول العربية في التسويق السياحي- المزيج التسويقي السياحي- أساسيات التسويق السياحي- استراتيجيات التسويق السياحي- المفهوم العلمي للتسويق الفندقي- الإتجاهات الحديثة في التسويق السياحي. | ||
| 653 | _aالتسويق السياحي | ||
| 653 | _aالتسويق الفندقي | ||
| 942 | _cكتاب | ||
| 999 |
_c43232 _d43232 |
||